| Поле | Инд. | ПП | Название | Значение |
|---|---|---|---|---|
| Тип записи | a | |||
| Библиографический уровень | b | |||
| 001 | Контрольный номер | UNIDUBNAaa22ee9bf6e4403ba9b9ed937a7ef156 | ||
| 005 | Дата корректировки | 20260429131003.0 | ||
| 008 | Кодируемые данные | 20170331 | ||
| 040 | b | Код языка каталог. | rus | |
| e | Правила каталог. | PSBO | ||
| 041 | 0_ | a | Код языка текста | rus |
| 084 | a | Индекс другой классификации/Индекс ББК | 63.3(2)631-6 | |
| 100 | 1_ | a | Автор | Сорокин А. |
| q | Полное имя | Сорокин Андрей | ||
| 100 | 1_ | a | Автор | Маклашкин С. |
| q | Полное имя | Маклашкин Сергей | ||
| 245 | 10 | a | Заглавие | "Болгары произвели около 100 выстрелов по пограничнику..." |
| b | Продолж. заглавия | Первая публикация документов о предотвращении Советским Союзом войны на Балканах летом 1950 года | ||
| 520 | 0_ | a | Аннотация | В фондах Российского государственного архива социально-политической истории обнаружены уникальные шифртелеграммы, рассказывающие о том, что в июле 1950 г. была велика вероятность начала очередного военного конфликта на Балканах, прямо затрагивающего интересы СССР. Балканы, с которых в 1914-м началась Первая мировая война, после начавшегося в 1948 г. советско-югославского конфликта не переставали быть "пороховым погребом Европы". В публикации делается попытка ответить на важный вопрос о том, насколько серьезной была на самом деле угроза войны на Балканах летом 1950 года. |
| 600 | 14 | a | Персоналии | Сталин Иосиф Виссарионович |
| a | Персоналии | Червенков Вылко | ||
| 650 | 14 | a | Основная рубрика | внешняя политика |
| a | Основная рубрика | история | ||
| a | Основная рубрика | международные отношения | ||
| 653 | 0_ | a | Ключевые слова | XX век |
| a | Ключевые слова | Балканы | ||
| a | Ключевые слова | Болгария | ||
| a | Ключевые слова | военные конфликты | ||
| a | Ключевые слова | вооруженные конфликты | ||
| a | Ключевые слова | Европа | ||
| a | Ключевые слова | коммунистические партии | ||
| a | Ключевые слова | международные конфликты | ||
| a | Ключевые слова | общественное мнение | ||
| a | Ключевые слова | пограничные инциденты | ||
| a | Ключевые слова | Россия | ||
| a | Ключевые слова | советский период | ||
| a | Ключевые слова | советско-югославский конфликт | ||
| a | Ключевые слова | СССР | ||
| a | Ключевые слова | Югославия | ||
| 773 | 08 | t | Заглавие источника | Родина |
| d | Дата издания источника | 2024 | ||
| g | Прочая информация | № 10. - С. 102 - 107 : фот., ил. | ||
| w | Контрольный № источника | UNIDUBNA1e930c5b044d45e7bf1258202da90910 | ||
| 901 | t | Тип документа | b |